| 000 | 00501nam a2200193Ia 4500 | ||
|---|---|---|---|
| 003 | GCL | ||
| 008 | 140319s9999 xx 000 0 eng d | ||
| 040 |
_aGCL / _cGCL |
||
| 082 | 0 | 4 |
_a070.5 _bC H |
| 100 | 1 | _aCHARTIER, ROGER | |
| 245 | 1 | 0 |
_aHISTOIRE DE L'EDITION FRANCAISE LE LIVRE CONQUERANT / _cCHARTIER, ROGER |
| 700 | 1 | _aJEAN MARTIN, HENRI | |
| 260 |
_a[S.N] : _bFAYARD ، _c1989 |
||
| 300 | _a793 P | ||
| 650 | 0 | 4 | _aHISTORY |
| 650 | 0 | 4 | _aPUBLISHING |
| 650 | 0 | 4 | _aCONQUERANT |
| 942 |
_2ddc _cBK |
||
| 999 |
_c23353 _d23353 |
||